| 000 | 00752nam a2200229Ia 4500 | ||
|---|---|---|---|
| 003 | OSt | ||
| 005 | 20220829152624.0 | ||
| 008 | 210716s2018 xx 000 0 und d | ||
| 020 | _a9789386873576 | ||
| 040 | _cAIMIT LIBRARY | ||
| 041 | _aeng | ||
| 082 |
_a005.448 _21 _bHOFK |
||
| 100 |
_aHoffman, Kevin. _955976 |
||
| 245 |
_aCloud native go : _bbuilding web applications and microservices for the cloud with go and react / _cBy Kevin Hoffman and Dan Nemeth. |
||
| 250 | _a1st ed. | ||
| 260 |
_aNew Delhi : _bPearson Education , _c2018 . |
||
| 300 |
_axiv, 243p. ; _bPB _c23.5 cm. |
||
| 650 |
_aWorking with websockets _955977 |
||
| 650 |
_aEvent sourcing and CQRS _955978 |
||
| 700 |
_aNemeth, Dan. _955979 |
||
| 942 |
_2ddc _cBK _e1st _k005.448 HOFK |
||
| 999 |
_c196319 _d196319 |
||